000 00598nam a2200217Ia 4500
005 20241129115925.0
008 241129s9999||||xx |||||||||||||| ||und||
020 _a9781032034461
037 _aTB
040 _aSDCL
_beng
_cSDCL
041 _aeng
_2eng
084 _aD65,4"92, R2
_qSDCL
100 _aMalik Praveen Kumar Ed.
_9728679
245 0 _aPlanar antennas : Design and applications
260 _aBaca Raton
_bCRC Press
_c2022
300 _axvii,345p.
365 _aGBP
_b110
650 _aElectronic Science
942 _cTB
_hD65,4"92, R2
999 _c1232595
_d1232595